[Event "Sonnevanck 3rd"]
[Site "Wijk aan Zee"]
[Date "1993.??.??"]
[Round "2"]
[White "Van Mil, Johan"]
[Black "Reinderman, Dimitri"]
[Result "1-0"]
[WhiteElo "2435"]
[BlackElo "2435"]
[Annotator "Blatny,P"]
[PlyCount "45"]
[EventDate "1993.??.??"]
[EventType "tourn"]
[EventRounds "9"]
[EventCountry "NED"]
[EventCategory "10"]
[SourceTitle "CBM 040"]
[Source "ChessBase"]
[SourceDate "1994.06.01"]
[SourceVersion "1"]
[SourceVersionDate "1994.06.01"]
[SourceQuality "1"]

1. e4 e5 2. Nf3 d6 3. d4 (3. Bc4 Be6 4. Bxe6 fxe6 5. d4 exd4 6. Nxd4 Qd7 $10)
3... exd4 (3... Nd7 4. Bc4 c6 5. Nc3 $14) 4. Nxd4 (4. Qxd4 Bd7 5. Bf4 Nc6 6.
Qd2 Be7 7. Nc3 Nf6 8. O-O-O O-O 9. h3 $14) 4... g6 (4... Nf6 5. Nc3 Be7 6. Bf4
O-O 7. Qd2 a6 8. O-O-O $16) 5. Nc3 (5. c4 $5 Bg7 6. Nc3 Nc6 7. Be3 Nge7 8. Be2
O-O 9. O-O f5 10. f4 fxe4 11. Nxe4 Nf5 12. Nxf5 Bxf5 13. Ng3 $14 {
Peshina-Lutikov/Yurmala/1981/}) 5... Bg7 6. Be3 Nf6 7. Qd2 O-O 8. O-O-O Re8 $6
(8... Nc6 $142 9. Nxc6 bxc6 10. Bh6 Bxh6 11. Qxh6 Rb8 12. f3 Qe7 13. h4 d5 $1
14. h5 Qb4 15. hxg6 fxg6 16. e5 {Filipenko-Vorotnikov/Yurmala/1980/} Qxb2+ 17.
Kd2 Bf5 $1 $13) 9. f3 d5 (9... a6 10. g4 b5 11. Bg5 Bb7 12. h4 $40 {
Joksic-Lehman/Plovdiv/1975/}) 10. Nb3 c6 11. Bh6 Bh8 12. exd5 cxd5 13. Nxd5 (
13. Bc4 $5) 13... Nc6 (13... Nxd5 14. Qxd5 Qxd5 15. Rxd5 Re1+ 16. Kd2 Re8 17.
Bb5 Nc6 18. Kc1 $16) 14. Nc3 Qb6 15. Bc4 Ne5 16. Bb5 Bd7 17. Bxd7 Nfxd7 18.
Rhe1 (18. f4 Ng4) 18... Nf8 19. Nd5 Qa6 20. Kb1 Rac8 21. Qb4 Qc6 $4 (21... Nc6
22. Qh4 Rxe1 23. Rxe1 Ne6 $16) 22. Qxf8+ $1 Rxf8 23. Ne7# 1-0

[Event "HUN-ch"]
[Site "Lillafured"]
[Date "1999.02.01"]
[Round "1"]
[White "Acs, Peter"]
[Black "Varga, Zoltan"]
[Result "0-1"]
[WhiteElo "2521"]
[BlackElo "2518"]
[Annotator "Blatny,P"]
[PlyCount "64"]
[EventDate "1999.02.01"]
[EventType "tourn"]
[EventRounds "9"]
[EventCountry "HUN"]
[EventCategory "13"]
[SourceTitle "CBM 070"]
[Source "ChessBase"]
[SourceDate "1999.06.08"]
[SourceVersion "1"]
[SourceVersionDate "1999.06.08"]
[SourceQuality "1"]

1. e4 e5 2. Nf3 Qe7 3. Nc3 c6 4. d4 d6 5. Bc4 $6 {M.E. sollte Weiss entweder
mit dem ruhigen 5.h3 die optimale Entwicklung des gegnerischen Läufers
verhindern oder eine der folgenden Alternativen wählen:} (5. Bg5 $5 Nf6 6. h3
h6 7. Be3 Nbd7 (7... exd4 8. Qxd4 $14) 8. Qd2 g5 $6 (8... g6 $142) 9. O-O-O Bg7
10. h4 $1 g4 11. Ng1 Nh5 12. Be2 exd4 13. Bxd4 Ne5 14. Be3 $1 Bf8 15. Bd3 g3 $6
16. f3 Be6 17. Be2 b5 18. Qd4 Qf6 19. Nh3 Bxh3 20. Rxh3 Rg8 21. Kb1 $16 Nf4 $2
22. Bxf4 Qxf4 23. Bxb5 $1 $18 Be7 (23... cxb5 24. Nd5) 24. Nd5 {1-0 Pavasovic,
D-Bawart,M/Graz 1998/EXT 99}) (5. a4 $5 Bg4 6. Be2 (6. dxe5 dxe5 7. h3 Bh5 8.
g4 Bg6 9. h4 h5 10. g5 Qc7 11. Bh3 Bb4 12. O-O Ne7 $11 {Varga,Z-Seres,L/
Budapest 1996/CBM 57}) 6... Bxf3 7. Bxf3 Nf6 8. O-O Qc7 9. Be3 g6 10. Be2 Nbd7
11. f4 Bg7 12. Kh1 O-O 13. dxe5 dxe5 14. f5 $40 {Ratcu,T-Blank,E/Sao Paulo
1996/CBM 51 ext}) 5... Bg4 $1 6. dxe5 dxe5 7. h3 Bh5 8. O-O Nf6 9. a4 Qc7 {
[%csl Rc3,Rc4,Rd1,Gd7,Gh5][%cal Gh5d1,Gb8d7,Ge8c8,Ga8d8,Gd8d1] In solchen
Stellungstypen spielt dieser "Tempoverlust" keine Rolle, die gute Platzierung
der schwarzen Figuren ist ein wichtiger Faktor. Das kann man über die weissen
Sc3 oder Lc4 nicht sagen.} 10. Qd3 $2 {Weiss "entfesselt" sich zwar aus der
Fesselung auf der Diagonalen h5-d1, auf d3 steht aber die Dame sehr schlecht,
sie wird schnell ein Objekt des Angriffs auf der d-Linie.} ({Deshalb war z.B.} 
10. Qe2 {viel besser. Weiss muss realistisch beurteilen, dass er schon ein
bißchen schlechter steht und mit Remis zufrieden sein soll.}) 10... Nbd7 11.
Nh4 $2 {Diese komplizierte Plan mit dem Ziel der Eroberung des Läuferpaars ist
einfach schlecht; die schwarzen Springer sind in solchen Stellungen stärker.}
O-O-O 12. g4 Bg6 13. Nxg6 fxg6 ({Auch} 13... hxg6 {mit der Öffnung der h-Linie
zum Angriff war möglich, weil Weiss kann nicht mit} 14. Bxf7 {fortsetzen wegen}
Nc5 15. Qc4 Rd4 {und die schwarzen Figuren dominieren auf dem Brett.}) 14. a5
Bb4 15. Qe3 (15. Be6 Kb8 $17) 15... Kb8 16. Bd2 Nc5 $17 17. Nb1 $8 Bxd2 18.
Nxd2 Qd6 $1 19. Rfd1 Qd4 20. Qxd4 Rxd4 21. c3 $8 Rd6 22. Nf3 $1 {Die beste
Verteidigung. Weiss versucht richtig die Stellung zu vereinfachen.} (22. f3 $2
Rhd8 23. b4 Ncxe4 24. fxe4 Rxd2 $19 {_|_}) 22... Nfxe4 23. Nxe5 Re8 24. Nf7 (
24. Rxd6 $2 Nxd6 25. Rd1 (25. Re1 Nce4 26. f4 g5 $19) 25... Nce4 (25... Kc7 26.
Nd3 $15) 26. f4 $8 g5 $1 (26... Rxe5 $2 27. fxe5 Nxc4 28. Rd4 $1 Ned2 29. Kg2
$1 c5 30. Rd7 $36) 27. Bd3 gxf4 $19 {_|_}) (24. Nf3 $2 Rf6 25. Kg2 Ref8 26. Be2
Ne6 $19) 24... Rxd1+ 25. Rxd1 Na4 $19 26. Re1 Nxb2 27. Bf1 Nd6 $1 28. Rb1 (28.
Rxe8+ Nxe8 29. Ng5 h6 (29... Nf6 30. Ne6 Ne4 31. Nxg7 Nxc3 32. Ne6 $17) 30. Ne6
g5 31. Kg2 Kc8 $19 {_|_}) 28... Nxf7 29. Rxb2 Kc7 30. f4 $6 {[%csl Rc3,Re3]
[%cal Ge8e3]} Nd6 31. h4 $2 Re4 32. Rf2 (32. Re2 Rxf4 (32... Rxe2 33. Bxe2 Ne4
$19) 33. Re7+ Kd8 34. Rxg7 Rxg4+ 35. Kf2 Rxh4 $19) 32... Re3 0-1

[Event "Bundesliga 9900"]
[Site "Germany"]
[Date "2000.04.09"]
[Round "15.1"]
[White "Morozevich, Alexander"]
[Black "Tischbierek, Raj"]
[Result "1-0"]
[WhiteElo "2758"]
[BlackElo "2544"]
[Annotator "Blatny,P"]
[PlyCount "71"]
[EventDate "1999.10.09"]
[EventType "team-tourn"]
[EventRounds "15"]
[EventCountry "GER"]
[SourceTitle "CBM 076"]
[Source "ChessBase"]
[SourceDate "2000.05.31"]
[SourceVersion "1"]
[SourceVersionDate "2000.05.31"]
[SourceQuality "1"]
[WhiteTeam "Wattenscheid"]
[BlackTeam "Dresden"]
[WhiteTeamCountry "GER"]
[BlackTeamCountry "GER"]

1. e4 d6 2. d4 Nf6 3. Nc3 e5 4. Nf3 (4. dxe5 dxe5 5. Qxd8+ Kxd8 6. Bg5 $14)
4... Nbd7 5. Bc4 {[%csl Ge8,Gf7][%cal Gf3g5,Gg5f7,Gc4f7]} Be7 6. O-O O-O 7. a4
c6 8. Re1 Qc7 9. b3 b6 10. d5 (10. Bb2 a6 11. Bd3 Bb7 12. Ne2 Rfe8 13. Ng3 Bf8
14. c3 g6 15. Qc2 Bg7 16. Rad1 Rad8 17. dxe5 Nxe5 18. Nxe5 {1/2-1/2 Luther,
T-Cifuentes Parada,R/Olot op 1994/EXT 97}) 10... cxd5 (10... c5 11. Bf1 (11. a5
bxa5 12. Nb5 Qb8 13. Rxa5 a6 14. Nc3 Qc7 15. Ra2 Nb6 16. Bd3 $14 {Gdanski,
J-Pedzich,D/POL-ch 1997/CBM 59/1-0 (99)}) 11... a6 12. Nd2 Ne8 13. Nc4 Bf6 14.
Rb1 g6 15. b4 Rb8 16. Bd2 Bg7 17. Rb3 f5 18. Qb1 cxb4 19. Rxb4 $14 {
Lobzhanidze,D-Igriashvili,Z/RUS-Cup03 (Geller mem) 1999/CBM 70/1-0 (74)}) 11.
Bxd5 Bb7 12. Nb5 Qb8 13. Bxb7 Qxb7 14. Bg5 Rfe8 15. h3 $6 (15. Nxd6 Bxd6 16.
Qxd6 Rad8 $14 {[%csl Rd6,Re4][%cal Rf6e4,Rb7e4,Rd7c5,Rc5e4]}) 15... Nxe4 16.
Bxe7 Rxe7 17. Rxe4 (17. Nxd6 $5 Nxd6 18. Qxd6 $13) 17... Qxe4 18. Qxd6 Rae8 19.
Nc7 Nf8 (19... Nc5 20. Nxe8 Rxe8 21. Qd2 $14) 20. Nxe8 Rxe8 21. Qc7 Qd5 22.
Qxa7 e4 23. Nh2 Qd4 24. Rf1 Qc5 25. Ng4 f5 26. Ne3 f4 27. Nc4 Re6 28. Qa8 f3
29. Rd1 (29. gxf3 $4 Qg5+ 30. Kh1 Qf5 $19) 29... Qg5 (29... fxg2 30. Rd5 (30.
Kxg2 Qg5+ 31. Kf1 Qh4 $13) 30... Qe7 31. Rd8 $16 (31. Kxg2 Rg6+ 32. Kf1 Qh4 $13
)) 30. Ne3 fxg2 31. Rd8 Qf6 32. Qc8 (32. Nxg2 $6 Qa1+ 33. Kh2 Qe5+ 34. Kh1 Qa1+
$11) (32. Kxg2 $6 Qf3+ 33. Kg1 Rg6+ 34. Ng4 $13) 32... Qa1+ 33. Kxg2 Rf6 $2 (
33... Rg6+ 34. Ng4) 34. Qc4+ Rf7 35. Rd5 $6 (35. Re8 {/\Re7,Nf5 and against Qe5
} g6 (35... Qe1 36. Nf5 $18) (35... Qf6 36. Rxf8+ Kxf8 37. Qc8+ Ke7 38. Nd5+
$18) 36. c3 (36. Qxe4 $6 Qe1 37. Ng4 Qxe4+ 38. Rxe4 Kg7 $18) 36... Qb2 37. Nf5
gxf5 38. Re7 $18) (35. Nf5 Qe5) 35... g6 $2 (35... Ng6 36. Rd8+ (36. Qc8+ Rf8
37. Qe6+ Kh8 $16) 36... Nf8 37. Re8 $18) 36. Ng4 (36. Ng4 Kh8 (36... Qg7 37.
Ne5 $18) 37. c3 $18) 1-0

[Event "Pamplona 0102"]
[Site "Pamplona"]
[Date "2001.12.27"]
[Round "1"]
[White "De la Riva Aguado, Oscar"]
[Black "Bologan, Viktor"]
[Result "0-1"]
[WhiteElo "2495"]
[BlackElo "2668"]
[Annotator "Bologan,V"]
[PlyCount "98"]
[EventDate "2001.12.27"]
[EventType "tourn"]
[EventRounds "9"]
[EventCountry "ESP"]
[EventCategory "14"]
[SourceTitle "CBM 087"]
[Source "ChessBase"]
[SourceDate "2002.03.21"]
[SourceVersion "1"]
[SourceVersionDate "2002.03.21"]
[SourceQuality "1"]

1. e4 d6 {I couldn't find in the database a single game played by my opponent
in 2001. So I thought that the lack of practice will be easier to turn to my
advantage in the strategicaly complicated positions, which Philidor surely
offers.} 2. d4 Nf6 3. Nc3 e5 4. Nf3 {the ending which could arise after} (4.
dxe5 dxe5 5. Qxd8+ Kxd8 {it's another story, and of course it's not a draw yet.
}) 4... Nbd7 5. g3 {it might look as an give up from the fight for the
initiative, I mean 5.Bc4 line, but it's not so. White still keeps controlling
the center and the fianchetto of the white square bishop also deserves
attention.} c6 6. a4 Be7 7. Bg2 O-O 8. O-O Re8 {Just another normal move but
nowdays when desperately are fighting for the tempos it's better to avoid the
unforced moves. The real need of black position is to develop it's queenside.}
(8... b6 $1 9. b3 (9. Re1 Bb7) 9... a6 10. Bb2 Bb7 11. Re1 Re8 {followed by
Bf8, b5 or ed4, c5}) 9. h3 (9. Re1 Bf8 10. b3 b6 11. Bb2 Bb7) 9... Bf8 10. Re1
b6 11. Be3 Bb7 12. Nd2 a6 13. g4 $5 {provoking some weaknesses on the kingside
Black was ready to meet} (13. f4 {%04with} b5) 13... h6 14. d5 $1 {sooner or
later White has take a decision over the center pawn tension.} (14. dxe5 dxe5
15. Nc4 Qc7 {and the whole pplan with Nd2-c4-d6 collapses}) 14... b5 (14...
cxd5 15. exd5 Rc8 16. Nde4 Nxe4 17. Nxe4 Be7 18. Ng3 Bg5 {=}) 15. dxc6 Bxc6 16.
Nf1 $6 {instead White could go for a more forced line} (16. axb5 axb5 17. Qe2
Nc5 18. Nxb5 (18. b4 Na6 19. Reb1 Nc7) 18... Bxb5 19. Qxb5 Rb8 20. Qe2 Rxb2 21.
Nc4 Rb7 22. Bxc5 dxc5 {which would probably lead to a draw, because the
balance of weak squares d5 and f4 is equal. Still white maintains a slight
advantage.}) 16... bxa4 {It's funny enough but De la Riva already played a
similar game with a temporary sacrifice on a4 against Bauer on tie-breaks in
Mondariz 2000. It ended to draw but I remember Oscar playing very confidently
that game. Instead of leaving the pawn on a6 alone I should simply play} (16...
Nc5 17. Bxc5 dxc5 18. axb5 axb5 19. Qxd8 Rexd8 20. Ne3 c4 $15 {and the ending
is better for Black}) (16... b4 17. Nd5 a5 18. Qd3) 17. Qd3 $1 {During the
game I underestimated this move. Beside the fact that White is simply
developing and is preparing a doubling on the d file, also the pawn on a6 is
getting attacked} Nh7 $6 {In the kasparovchessclub it was giving a high mark
to the whole game especially to its strategical part. For example the maneuvre
Nh7-g5-e6-f4. It would be completely justified if he would take on f4. But
finally it was me who swap the knight who made 6 moves in the game to the
bishop who just made his first steppy and who even didn't even see the blue
sky.} (17... Nc5 18. Bxc5 dxc5 19. Qxd8 Rexd8 20. Ne3 (20. Nxa4 Rab8 21. b3 c4
22. bxc4 Rb4 23. Nc3 Rxc4 24. Nd5) 20... Rab8 21. Nc4 {would lead to an
unclear position}) 18. Nxa4 Ng5 19. Nc3 a5 20. Nd2 Ne6 21. Nc4 Nf4 (21... Ndc5
22. Qd2 a4 23. Red1 Qb8 24. Nd5 $14) 22. Qd2 $1 (22. Bxf4 $2 {was compltely
unpositional in a view of giving the black squares to a complete Black control}
exf4) 22... Nxg2 23. Kxg2 Nf6 24. f3 a4 25. Nb6 $2 {Oscar spent a lot of time
on his previous reflections and finally got an excelent position. According
his confession after the game he was examining two continuations and he had
chosen taken the pawn only because of short time left on his clock and big
desire to simplify a position.} (25. Red1 {fortunately for me it wasn't played}
Re6 26. Nb6 Rb8 27. Nbxa4 $16) 25... Rb8 26. Ncxa4 Bxa4 27. Nxa4 d5 {from now
on the initiative is overtaken by black} 28. exd5 Nxd5 29. Rad1 $6 (29. Red1
Nxe3+ 30. Qxe3 Qc8) (29. c4 Nxe3+ 30. Qxe3 Qc8 31. c5 f5 $13) 29... Qc8 $1 30.
Qf2 Nxe3+ 31. Rxe3 f5 $1 {it's very important to weaken the white kingside as
is possible before the knight from a4 didn't get into the game.} 32. gxf5 (32.
Rc3 Qa6 33. b3 e4 {!} 34. gxf5 Bb4 35. Re3 exf3+ 36. Qxf3 Rxe3 37. Qxe3 Qc6+)
32... Qxf5 33. Re4 Re6 34. b3 Rg6+ 35. Kh2 Rf6 36. Kg2 $138 {in the
timetrouble white is already happy with a draw but not me!} Rc8 37. c4 Rcc6 38.
Rd3 $2 {the knight had finally to leave his post.} (38. Nc3 Rb6 39. Nb5 Ra6 {
Shipov, Notkin}) 38... Rg6+ 39. Kh2 Be7 {now the bishop is going to join the
company via g5-f4} 40. h4 Bxh4 $3 {for the 40-th move I had something about 5
minutes on my clock, which made me a bit responsable for sacrifying a full
peace.} (40... Rg4 $5 41. Rxg4 Qxd3) 41. Qxh4 (41. Rxh4 Qxd3) 41... Rg5 $19 {
now the game is over because the king is naked} 42. Qh3 (42. Rd8+ Kh7 43. Qh3
Rh5 44. Rh4 Qc2+ 45. Kg1 Rg6+ 46. Kf1 Qc1+ 47. Ke2 Rxh4 48. Qxh4 Rg2+ 49. Kd3
Qc2+ 50. Ke3 Qe2#) 42... Rh5 43. Rd8+ Kh7 44. Rh4 Qc2+ 45. Kg1 Rg6+ 46. Kf1
Rxh4 47. Qxh4 Qg2+ 48. Ke1 Qxf3 49. Qh2 Rg2 0-1

[Event "Nanjing FIDE GP (Women)"]
[Site "Nanjing"]
[Date "2009.09.29"]
[Round "2"]
[White "Kovanova, Baira"]
[Black "Fierro Baquero, Martha Lorena"]
[Result "1/2-1/2"]
[WhiteElo "2408"]
[BlackElo "2386"]
[Annotator "CB"]
[PlyCount "85"]
[EventDate "2009.09.28"]
[EventType "tourn"]
[EventRounds "11"]
[EventCountry "CHN"]
[EventCategory "8"]
[SourceTitle "CBM 132 Extra"]
[Source "ChessBase"]
[SourceDate "2009.11.03"]
[SourceVersion "1"]
[SourceVersionDate "2009.11.03"]
[SourceQuality "1"]

1. e4 d6 2. d4 Nf6 3. Nc3 e5 4. Nf3 {Transposing back to the Philidor's
Defence normally reached after 1.e4 e5 2.Nf3 d6} Nbd7 5. Bc4 Be7 6. O-O O-O 7.
Re1 c6 8. a4 b6 9. b3 Bb7 10. Bb2 a6 11. Bd3 g6 $5 12. dxe5 {This appears to
be new here. Previous tries were} (12. Qd2 Re8 13. Rad1 Bf8 (13... Qc7 14. dxe5
dxe5 15. Ne2 Bf8 16. Ng3 b5 17. axb5 cxb5 18. Qg5 Bg7 19. b4 Rac8 20. Nd2 Nb6
21. Nb3 Na4 22. Ba1 Qe7 23. Na5 Ba8 24. Rb1 Qe6 25. h3 {1/2-1/2 Zufic Miroslav
(CRO) (2439)-Predojevic Borki (BIH) (2652)/Zupanja (Croatia) 2009 (49)}) 14.
Qc1 (14. dxe5 dxe5 15. Ne2 b5 16. axb5 cxb5 17. Ng3 Qb6 18. h3 a5 19. Bc3 Bc6
20. Ra1 Qb7 21. Bxa5 Nc5 22. Bc3 Bxe4 23. Rxa8 Rxa8 24. Bxe5 Bxf3 25. gxf3 Nfd7
26. Bb2 {1-0 Socko,B (2615)-Azmaiparashvili,Z (2672)/Ermioni Argolidas GRE
2005 (51)}) (14. h3 b5 15. axb5 axb5 16. Ne2 exd4 17. Nexd4 Bg7 18. b4 Qb6 19.
Qf4 Ne5 20. Qh4 Ra2 21. Bc1 Nxd3 22. cxd3 c5 23. Nb3 c4 24. Be3 Qc7 25. Nbd4
cxd3 26. Nxb5 {1/2-1/2 Timofeev,A (2664)-Bocharov,D (2569)/Plovdiv BUL 2008 
(49)}) 14... Qc7 15. h3 b5 (15... exd4 16. Nxd4 Bg7 17. Nf3 Nc5 18. Qa1 Nh5 19.
Bf1 b5 20. Nd2 Ne6 21. Ne2 Rad8 22. g3 c5 23. Bg2 Ng5 24. Bxg7 Nxg7 25. Nc3 {
1-0 Zhigalko,S (2568)-Sebenik,M (2502)/Plovdiv BUL 2008 (48)}) 16. axb5 cxb5
17. d5 Nc5 18. Qa1 Bg7 19. Bc1 b4 20. Na4 Nxd5 21. Bc4 Nxa4 {0-1 Thesing,M 
(2437)-Bezold,M (2456)/Germany 0-1 Thesing,M (2437)-Bezold,M (2456)/Germany}) (
12. Nb1 exd4 13. Nxd4 Re8 14. Nd2 Bf8 15. f4 Bg7 16. c3 b5 (16... Qc7 17. N4f3
Nc5 18. Bc2 Rad8 19. c4 Nh5 20. Bxg7 Kxg7 21. b4 Nd7 22. g3 Nhf6 23. Qb1 a5 24.
b5 cxb5 25. axb5 {1/2-1/2 Jones Gawain C (ENG) (2522)-Sebenik Matej (SLO) 
(2502)/Liverpool (England) 2008 (43)}) 17. axb5 cxb5 18. Bc2 Qb6 19. Kh1 Nc5
20. Qb1 Re7 21. b4 Na4 22. Bxa4 bxa4 23. Qc2 Rae8 24. Qxa4 Nxe4 25. N2f3 {
0-1 Kosintseva Nadezhda (RUS) (2486) -Bocharov Dmitry (RUS) (2647)/Moscow 
(Russia) 2009 (36)}) 12... Nxe5 13. Nxe5 dxe5 {An evaluation of this position
would reveal little weaknesses for either side. White needs to improve the
knight on c3 and black needs to give some more scope to the bishop on b7} 14.
Ne2 Qc7 15. Ng3 b5 16. Qf3 Rfd8 17. Bc1 Nd7 18. h4 $6 {maybe a little bit
premature} (18. Bh6 Nf8 19. Qg4 Ne6 {is fine for black however}) 18... Rf8 $6 (
18... Nc5 {involved a sacrifice of an exchange but for a positional advantage}
19. h5 Rxd3 20. cxd3 Nxb3 21. hxg6 hxg6 22. Rb1 bxa4 $15 (22... Nd4 23. Qd1 Rd8
24. Be3 b4 25. Bxd4 Rxd4 26. Qc2 c5 $15)) 19. Bg5 Rfe8 (19... Nc5) 20. Bxe7
Rxe7 21. Nf1 Qd6 22. Ne3 Qf6 23. Qg3 Nc5 24. axb5 cxb5 25. Nd5 Bxd5 26. exd5
Rd8 {both sides are playing very cautiously and the position is quite equal}
27. Rad1 Rxd5 28. Bxg6 Rxd1 29. Bd3+ Qg7 30. Qxg7+ Kxg7 31. Rxd1 Rc7 {any
further exchanges would not really promise much here} (31... Nxd3 32. Rxd3 Rc7
33. c4 $1 bxc4 34. Rc3 $11) 32. Bf5 h6 (32... a5 33. b4 axb4 34. Rb1 Nb7 35.
Rxb4 Nd6 36. Bd3 f5 $11) 33. b4 Ne6 34. Bxe6 fxe6 $11 35. Rd6 Rxc2 36. Rxa6 {
because of the rules of no draw offer, the game continues} Rc4 37. Rxe6 Rxh4
38. Rxe5 Rxb4 39. Re6 Rb2 40. Rb6 h5 41. Kh2 Rxf2 42. Rxb5 Kg6 43. Kg3 {
but nothing to play for here} 1/2-1/2

[Event "EU-ch (Women) 9th"]
[Site "Plovdiv"]
[Date "2008.04.27"]
[Round "7"]
[White "Stefanova, Antoaneta"]
[Black "Paehtz, Elisabeth"]
[Result "1-0"]
[WhiteElo "2538"]
[BlackElo "2449"]
[Annotator "CB"]
[PlyCount "135"]
[EventDate "2008.04.21"]
[EventType "swiss"]
[EventRounds "11"]
[EventCountry "BUL"]
[SourceTitle "CBM 123 Extra"]
[Source "ChessBase"]
[SourceDate "2008.05.06"]
[SourceVersion "1"]
[SourceVersionDate "2008.05.06"]
[SourceQuality "1"]

1. d4 d6 2. e4 e5 3. Nf3 Nd7 4. Bc4 Be7 $2 (4... c6 5. c3 $5 Ngf6 $1 (5... Be7
$2 6. Qb3 $1) 6. Qb3 Qe7 7. dxe5 Nxe5 8. Nxe5 dxe5 9. Nd2 Qc7 10. O-O Bc5 11.
Qc2 O-O 12. Nb3 Bb6 13. Bg5 Ne8 14. Rad1 Nd6 15. Be2 f5 16. Nd2 f4 17. c4 Bd4
18. Nb3 c5 19. Nxd4 exd4 20. f3 Qf7 21. Bd3 h6 22. Bh4 Be6 23. Rc1 g5 24. Be1
Qg7 25. g4 Nf7 26. Kf2 Ne5 27. Rg1 Rf6 28. Ke2 h5 29. h3 hxg4 30. hxg4 Rh6 31.
Rg2 Rh3 32. Rf2 Nxf3 {0-1 Lasker,Ed-Alekhine,A/Duesseldorf 1908/EXT 2000}) 5.
dxe5 Nxe5 6. Nxe5 dxe5 7. Qh5 g6 8. Qxe5 {Schwarz hat noch heroischen
Widerstand geleistet, aber am Ende zählte der Mehrbauer.} Nf6 9. Bh6 Qd6 10.
Qxd6 cxd6 11. Nc3 Be6 12. Bb5+ Kd8 13. f3 a6 14. Be2 Rc8 15. O-O-O Kc7 16. g4
Rhd8 17. Be3 Kb8 18. Kb1 Rc6 19. Rhg1 Rdc8 20. Bd4 g5 21. h4 h6 22. hxg5 hxg5
23. Rh1 Nd7 24. Rh6 Ne5 25. Rdh1 Bd8 26. Rh8 Bf6 27. R8h6 Bd8 28. R1h5 Ng6 29.
Bd1 Nf4 30. Rh1 Bc4 31. Bf6 Ng6 32. Bxd8 Rxd8 33. Rh7 Rc5 34. Na4 Re5 35. Nb6
Be6 36. c4 Rc5 37. b3 Re8 38. Be2 Nf4 39. Bf1 Rc6 40. Na4 Rec8 41. Rh8 Rxh8 42.
Rxh8+ Rc8 43. Rh7 Kc7 44. Kc2 Kc6 45. Nc3 Kd7 46. Kd2 Ke7 47. Ne2 Nxe2 48. Bxe2
Rc5 49. Rh8 Rc8 50. Rh5 Kf6 51. Bd3 Rc5 52. Rh8 Rc8 53. Rh6+ Kg7 54. Rh5 Kf6
55. Ke3 a5 56. f4 gxf4+ 57. Kxf4 b6 58. Rb5 Rb8 59. Be2 Bd7 60. Rh5 Be6 61. g5+
Kg7 62. Rh6 Re8 63. a4 Re7 64. Bf1 Re8 65. Bh3 f6 66. Bxe6 Rxe6 67. Ke3 Kf7 68.
gxf6 1-0